000 00306nam a22001337a 4500
008 180920b xxu||||| |||| 00| 0 eng d
020 _a9780312464196
041 _aeng
080 _29 ED
_a370
100 _a47
101 _aEDU
245 _aNews Reporting And Writing
_cBrooks.B.S
942 _2udc
_cBK
999 _c48142
_d48142